Влияние интенсивности и анизотропии трещиноватости породнего массива на условиях разработки Караканского каменноугольного месторождения (Кузбасс); Проблемы и перспективы развития минерально-сырьевой базы и предприятий ТЭК Сибири

Bibliographic Details
Parent link:Проблемы и перспективы развития минерально-сырьевой базы и предприятий ТЭК Сибири.— 2005.— С. 231-234.
Main Author: Наставко В. Г.
Language:Russian
Published: 2005
Subjects:
Format: Book Chapter
KOHA link:https://koha.lib.tpu.ru/cgi-bin/koha/opac-detail.pl?biblionumber=97303

MARC

LEADER 00000naa2a2200000 4500
001 97303
005 20231031110855.0
035 |a (RuTPU)RU\TPU\book\104299 
090 |a 97303 
100 |a 20060525d2005 k y0rusy50 ca 
101 0 |a rus 
102 |a RU 
200 1 |a Влияние интенсивности и анизотропии трещиноватости породнего массива на условиях разработки Караканского каменноугольного месторождения (Кузбасс)  |f В. Г. Наставко 
320 |a Библиогр.: 4 назв. 
463 0 |0 (RuTPU)RU\TPU\book\66225  |t Проблемы и перспективы развития минерально-сырьевой базы и предприятий ТЭК Сибири  |o материалы межрегиональной научно-практической конференции, Томск, 2005 г.  |f Межрегиональная ассоциация "Сибирское соглашение"; Территориальное агентство по недропользованию по Томской области; Томский политехнический университет; Сибирское отделение РАН; ОАО "Томскнефть"; Томский научно-исследовательский институт нефти и газа (ТомскНИПИнефть ВНК); Проблемы и перспективы развития минерально-сырьевой базы и предприятий ТЭК Сибири, межрегиональная научно-практическая конференция; [гл. ред. В. Г. Емешев]  |v С. 231-234.  |d 2005  |p 339 с. 
610 1 |a месторождения 
610 1 |a каменноугольные месторождения 
610 1 |a трещиноватость 
610 1 |a анизотропия 
610 1 |a разработка месторождений 
610 1 |a угольные месторождения 
610 1 |a буровзрывные работы 
610 1 |a труды учёных ТПУ 
700 1 |a Наставко  |b В. Г. 
801 1 |a RU  |b 63413507  |c 20060525  |g PSBO 
801 2 |a RU  |b 63413507  |c 20151202  |g PSBO 
942 |c BK